000 00976nam a22003017a 4500
001 001007
003 DO-SdBNP
005 20171113134152.0
007 001007
008 160809b 1994 sp 00| 0 spa d
020 _a8476726376
040 _aBPMSU
_bspa
_cBPMSU
082 _2
_a861.3
_bV422p
100 1 _aVega, Garcilaso de la
_d1501?-1536.
245 1 _aPoesías completas /
_cGarcilaso de la Vega ; edición Jorge Garza Castillo ; prólogo Frances L. Cardona
260 _aBarcelona :
_bEdicomunicación,
_c1994.
300 _a189 p. ;
_c18 cm.
490 1 _aClásicos universales
_aFontana
650 4 _aPOESÍAS ESPAÑOLA
650 4 _aLITERATURA ESPAÑOLA
700 1 _aGarza Castillo, Jorge
_eedictor
700 1 _aL. Cardona, Frances,
_eprólogo
830 0 _a Clásicos universales
_pFontana
942 _2ddc
_cBK
945 _aIvnentariado extranjero / 2017 VM
956 _aBTAVÁREZ
_b10
_c20160908
_d001007
956 _aVMATEO
_b10
_c20160930
_dBPMSU
_20069
999 _c11128
_d11128